[Event "GBR-ch 99th"]
[Site "North Shields"]
[Date "2012.08.01"]
[Round "9"]
[White "Batchelor, Peter"]
[Black "Shaw, Peter"]
[Result "1/2-1/2"]
[WhiteElo "2103"]
[BlackElo "2168"]
[PlyCount "164"]
[EventDate "2012.07.23"]
[EventType "swiss"]
[EventRounds "11"]
[EventCountry "ENG"]
[Source "John Saunders"]
[SourceDate "2015.07.24"]

1. e4 d6 2. d4 Nf6 3. Bd3 e5 4. c3 c6 5. Ne2 Nbd7 6. O-O Be7 7. Nd2 Qc7 8. f4
exf4 9. Nf3 Nf8 10. Nxf4 Ng6 11. e5 dxe5 12. Nxg6 hxg6 13. Nxe5 Be6 14. Bf4 Bd6
15. Qa4 Nh5 16. Rae1 Nxf4 17. Rxf4 Rh5 18. Rfe4 Bxe5 19. Rxe5 Rxe5 20. Rxe5 Kd7
21. Qc2 Re8 22. a3 Bd5 23. Rxd5+ cxd5 24. Bb5+ Kd8 25. Bxe8 Kxe8 26. Qa4+ Kf8
27. Qxa7 Kg8 28. g3 Qe7 29. Qb8+ Kh7 30. Qe5 Qd7 31. Qe2 Qf5 32. Kg2 f6 33. a4
b6 34. h3 Qd7 35. Qc2 Qe6 36. b3 Qe3 37. b4 Qe6 38. Qd3 Qe1 39. a5 bxa5 40.
bxa5 Qa1 41. a6 Qa5 42. h4 Kh6 43. Qe2 Qa4 44. Kh2 Kh7 45. h5 Kh6 46. hxg6 Kxg6
47. Qg4+ Kh6 48. Qe2 Kg5 49. Kg2 Kg6 50. Kf2 Kf7 51. Qh5+ Ke6 52. Qg4+ Kd6 53.
Qe2 Kd7 54. Kf3 Kd6 55. Kf4 Qa1 56. Qd3 Qa4 57. Kg4 Ke7 58. Kh3 Qd7+ 59. g4 Qa4
60. Qh7 Qxa6 61. Qxg7+ Ke6 62. Qg8+ Kd6 63. Kh4 Qc4 64. Qf8+ Ke6 65. Qe8+ Kd6
66. Qf7 Qf1 67. Qf8+ Kd7 68. Qf7+ Kd6 69. Kh5 Qh3+ 70. Kg6 Qxg4+ 71. Kxf6 Qf3+
72. Kg7 Qxc3 73. Qf6+ Kd7 74. Qf5+ Kd6 75. Qe5+ Kc6 76. Qe6+ Kc7 77. Qxd5 Qc6
78. Qa5+ Kd7 79. Qa2 Qe4 80. Qa7+ Kd6 81. Qc5+ Kd7 82. Kf6 Qf4+ 1/2-1/2

[Event "GBR-ch 99th"]
[Site "North Shields"]
[Date "2012.08.01"]
[Round "9"]
[White "Burnett, Jim"]
[Black "Walker, David"]
[Result "1/2-1/2"]
[WhiteElo "2174"]
[BlackElo "2276"]
[PlyCount "85"]
[EventDate "2012.07.23"]
[EventType "swiss"]
[EventRounds "11"]
[EventCountry "ENG"]
[Source "John Saunders"]
[SourceDate "2015.07.24"]

1. d4 d6 2. c4 e5 3. Nf3 e4 4. Ng5 f5 5. Nc3 Be7 6. Nh3 Nf6 7. g3 O-O 8. Bg2 c6
9. d5 Nbd7 10. O-O Ne5 11. b3 Re8 12. Kh1 Bf8 13. f3 exf3 14. exf3 c5 15. Bb2
Rb8 16. Nf4 a6 17. Qc2 b5 18. cxb5 axb5 19. Ne6 Bxe6 20. dxe6 b4 21. Nd1 Rxe6
22. Qxf5 Qe8 23. Bh3 Re7 24. Nf2 Qg6 25. Qxg6 hxg6 26. f4 Ned7 27. Rfe1 Rbe8
28. Nd3 Ne4 29. Rxe4 Rxe4 30. Bxd7 Rd8 31. Bc6 d5 32. a3 Re3 33. Rd1 bxa3 34.
Bxa3 c4 35. Bxf8 Kxf8 36. Ne5 cxb3 37. Rd2 Rc3 38. Rxd5 Rxd5 39. Bxd5 b2 40.
Nxg6+ Ke8 41. Be4 Rc4 42. Bf5 Rc5 43. Be4 1/2-1/2

[Event "GBR-ch 99th"]
[Site "North Shields"]
[Date "2012.08.01"]
[Round "9"]
[White "Chapman, Terry PD"]
[Black "Conquest, Stuart"]
[Result "0-1"]
[WhiteElo "2290"]
[BlackElo "2501"]
[PlyCount "58"]
[EventDate "2012.07.23"]
[EventType "swiss"]
[EventRounds "11"]
[EventCountry "ENG"]
[Source "John Saunders"]
[SourceDate "2015.07.24"]

1. Nf3 g6 2. e4 Nf6 3. e5 Nh5 4. d4 d6 5. h3 dxe5 6. Nxe5 Bg7 7. Be2 c5 8. Bxh5
gxh5 9. Qxh5 Be6 10. Bh6 Bxh6 11. Qxh6 Qxd4 12. Qg7 Rf8 13. c3 Qe4+ 14. Kf1 f6
15. Ng4 Nc6 16. Nd2 Qd3+ 17. Ke1 O-O-O 18. Qh6 Qc2 19. Qe3 Bf5 20. Nb3 h5 21.
Nh6 Bg6 22. g4 Ne5 23. Nf5 Bxf5 24. gxf5 b6 25. Kf1 Rd1+ 26. Rxd1 Qxd1+ 27. Qe1
Qf3 28. Rh2 Qd3+ 29. Qe2 Qb1+ 0-1

[Event "GBR-ch 99th"]
[Site "North Shields"]
[Date "2012.08.01"]
[Round "9"]
[White "Coathup, Roger"]
[Black "Lenier, Jude"]
[Result "0-1"]
[WhiteElo "2136"]
[BlackElo "2016"]
[PlyCount "74"]
[EventDate "2012.07.23"]
[EventType "swiss"]
[EventRounds "11"]
[EventCountry "ENG"]
[Source "John Saunders"]
[SourceDate "2015.07.24"]

1. c4 e5 2. e3 Nf6 3. Nc3 d5 4. d4 exd4 5. exd4 c6 6. cxd5 cxd5 7. Bd3 Nc6 8.
Nge2 h6 9. O-O Bd6 10. Bf4 a6 11. Qd2 b5 12. Rfe1 Be6 13. Rac1 Rc8 14. h3 O-O
15. Bb1 Re8 16. Ng3 Na5 17. Bxd6 Nc4 18. Qd3 Nxd6 19. Qf3 Qd7 20. Qf4 a5 21.
Nce2 a4 22. Rxc8 Rxc8 23. Bd3 b4 24. Qd2 Rb8 25. Qc2 Rc8 26. Qd2 Rb8 27. Qf4
Rc8 28. Rc1 Rxc1+ 29. Nxc1 Nfe4 30. Nxe4 dxe4 31. Bxe4 Nxe4 32. Qxe4 Qc8 33.
Qe3 Qc2 34. b3 a3 35. Kf1 Bd5 36. g3 Qd1+ 37. Qe1 Bg2+ 0-1

[Event "GBR-ch 99th"]
[Site "North Shields"]
[Date "2012.08.01"]
[Round "9"]
[White "Combie, Alexander"]
[Black "Bhatia, Kanwal K"]
[Result "1-0"]
[WhiteElo "2039"]
[BlackElo "2103"]
[PlyCount "81"]
[EventDate "2012.07.23"]
[EventType "swiss"]
[EventRounds "11"]
[EventCountry "ENG"]
[Source "John Saunders"]
[SourceDate "2015.07.24"]

1. d4 Nf6 2. c4 c5 3. d5 b5 4. Nf3 e6 5. Bg5 exd5 6. cxd5 d6 7. a4 b4 8. e4 Be7
9. Bb5+ Bd7 10. e5 Ne4 11. Bf4 Bxb5 12. axb5 O-O 13. O-O Nd7 14. Qe2 dxe5 15.
Nxe5 Nxe5 16. Qxe4 Ng6 17. Bg3 Qd7 18. b6 Bd6 19. Bxd6 Qxd6 20. bxa7 Qd7 21.
Nd2 Rfe8 22. Qc4 Rxa7 23. Qxc5 Rc7 24. Qd4 Rd8 25. Ra5 Ne7 26. Qxb4 Nxd5 27.
Qd4 Qc6 28. Nf3 f6 29. Rd1 Rcd7 30. Rc5 Qe6 31. Qc4 Rd6 32. h3 Kf8 33. Nd4 Qe4
34. Rc8 Rxc8 35. Qxc8+ Kf7 36. Nf5 Re6 37. Qd7+ Ne7 38. Nd6+ Rxd6 39. Qxd6 Qe2
40. Qd2 Qe5 41. Re1 1-0

[Event "GBR-ch 99th"]
[Site "North Shields"]
[Date "2012.08.01"]
[Round "9"]
[White "Elwin, Adrian G"]
[Black "Oswald, Graeme"]
[Result "0-1"]
[WhiteElo "1985"]
[BlackElo "2178"]
[PlyCount "73"]
[EventDate "2012.07.23"]
[EventType "swiss"]
[EventRounds "11"]
[EventCountry "ENG"]
[Source "John Saunders"]
[SourceDate "2015.07.24"]

1. d4 Nf6 2. c4 e6 3. Nc3 Bb4 4. Qc2 c5 5. dxc5 Qc7 6. Bd2 Bxc5 7. e3 Be7 8.
Nf3 a6 9. Bd3 d6 10. O-O b6 11. Ne4 Nbd7 12. Nd4 h6 13. f4 Bb7 14. b4 Rc8 15.
Rac1 O-O 16. Nxf6+ Bxf6 17. Nf3 Qb8 18. Qd1 Qa8 19. Qe2 Rfe8 20. e4 e5 21. f5
a5 22. a3 axb4 23. axb4 b5 24. Ra1 Qb8 25. cxb5 d5 26. g4 dxe4 27. Bxe4 Bxe4
28. Qxe4 Qxb5 29. Rac1 Rxc1 30. Rxc1 Bd8 31. Qc6 Qxc6 32. Rxc6 e4 33. Ne1 Ne5
34. Rc3 Nxg4 35. Rg3 e3 36. Bc1 h5 37. h3 0-1

[Event "GBR-ch 99th"]
[Site "North Shields"]
[Date "2012.08.01"]
[Round "9"]
[White "Foo, William"]
[Black "Hanley, Craig"]
[Result "1/2-1/2"]
[WhiteElo "2009"]
[BlackElo "2419"]
[PlyCount "143"]
[EventDate "2012.07.23"]
[EventType "swiss"]
[EventRounds "11"]
[EventCountry "ENG"]
[Source "John Saunders"]
[SourceDate "2015.07.24"]

1. e4 e5 2. Nf3 Nc6 3. Bb5 a6 4. Ba4 d6 5. O-O Bd7 6. c3 Nf6 7. Bc2 g6 8. d4
Bg7 9. h3 O-O 10. Bg5 h6 11. Be3 Qc8 12. Qd2 Kh7 13. d5 Ne7 14. c4 Nh5 15. Nc3
f5 16. exf5 Bxf5 17. Ne4 Nf6 18. Ng3 Bxc2 19. Qxc2 Nf5 20. Ne4 c6 21. Nxf6+
Rxf6 22. Qe4 cxd5 23. cxd5 Qd7 24. Rac1 Rff8 25. Nd2 Rae8 26. Nc4 Nd4 27. Rfe1
h5 28. Nb6 Qd8 29. Rc8 Qxb6 30. Bxd4 Qb4 31. Rxe8 Rxe8 32. Bc3 Qc5 33. Re3 Rf8
34. Rf3 Rf6 35. Kh2 Rxf3 36. Qxf3 Qc4 37. g4 hxg4 38. hxg4 Kg8 39. Qd1 Bh6 40.
a3 Kf7 41. Qf3+ Ke7 42. Kg1 Bg5 43. Bb4 Qc2 44. Kg2 Bh4 45. Qe3 Kd7 46. Qf3 Ke7
47. Qe3 Qxb2 48. Qa7 Kf6 49. Qe3 Qa2 50. g5+ Bxg5 51. Qe4 Bf4 52. Bxd6 b5 53.
Bb4 Qc4 54. Qf3 Qc8 55. d6 g5 56. Qd5 Qe6 57. Qd1 Qd7 58. f3 Be3 59. Qh1 Kg7
60. Qe1 Bd4 61. Qc1 Kf6 62. Qh1 Qf5 63. Qh8+ Kf7 64. Qh5+ Kg7 65. Bd2 e4 66.
Qxg5+ Qxg5+ 67. Bxg5 exf3+ 68. Kxf3 Bf6 69. Bxf6+ Kxf6 70. d7 Ke7 71. Ke4 Kxd7
72. Kd5 1/2-1/2

[Event "GBR-ch 99th"]
[Site "North Shields"]
[Date "2012.08.01"]
[Round "9"]
[White "Foster, James M"]
[Black "Hanley, James L"]
[Result "0-1"]
[WhiteElo "2037"]
[BlackElo "2244"]
[PlyCount "102"]
[EventDate "2012.07.23"]
[EventType "swiss"]
[EventRounds "11"]
[EventCountry "ENG"]
[Source "John Saunders"]
[SourceDate "2015.07.24"]

1. e4 c5 2. Nf3 e6 3. Be2 Nc6 4. O-O Qc7 5. Nc3 a6 6. d4 cxd4 7. Nxd4 Nf6 8.
Be3 Bb4 9. Na4 Be7 10. Bd3 Ne5 11. f3 d5 12. Nc3 dxe4 13. Nxe4 Nd5 14. Bf2 f5
15. Ng3 Bd7 16. Re1 Rd8 17. c3 O-O 18. Bc2 Bc8 19. Qe2 Bd6 20. Rad1 Nf4 21. Qd2
Nc4 22. Qc1 g6 23. Bb3 e5 24. Nc2 Be6 25. Ne3 b5 26. Qc2 Bc5 27. Ngf1 Rxd1 28.
Rxd1 Qa7 29. Bxc4 bxc4 30. b4 Bb6 31. a4 a5 32. Rd6 Kf7 33. Rxb6 Qxb6 34. Nxc4
Qc7 35. Nxa5 Qxc3 36. Qd1 Nd3 37. Nb7 Nxf2 38. Kxf2 Qxb4 39. Nd8+ Kf6 40. Nxe6
Kxe6 41. Ne3 Qd4 42. Qb3+ Kf6 43. Ke2 Rd8 44. Qc2 e4 45. fxe4 Qxe4 46. Qb3 f4
47. Qb6+ Ke7 48. Qc5+ Rd6 49. Qc7+ Rd7 50. Qc5+ Ke8 51. Qc8+ Rd8 0-1

[Event "GBR-ch 99th"]
[Site "North Shields"]
[Date "2012.08.01"]
[Round "9"]
[White "Hall, David E"]
[Black "Burke, Mitchell R"]
[Result "0-1"]
[WhiteElo "2103"]
[BlackElo "1917"]
[PlyCount "132"]
[EventDate "2012.07.23"]
[EventType "swiss"]
[EventRounds "11"]
[EventCountry "ENG"]
[Source "John Saunders"]
[SourceDate "2015.07.24"]

1. d4 g6 2. Nf3 Bg7 3. Bf4 d6 4. e3 Nf6 5. c4 c5 6. Nc3 Nbd7 7. Be2 O-O 8. O-O
Re8 9. d5 Nh5 10. Bg5 a6 11. Nd2 Nhf6 12. a4 Qc7 13. e4 e5 14. dxe6 fxe6 15. f4
b6 16. Nf3 Bb7 17. Bd3 d5 18. Qc2 dxe4 19. Nxe4 Nxe4 20. Bxe4 Bxe4 21. Qxe4
Bxb2 22. Rad1 Bg7 23. Qd3 Nf6 24. Qd6 Qxd6 25. Rxd6 Ne4 26. Rxb6 Bd4+ 27. Nxd4
cxd4 28. Bh4 d3 29. Rd1 d2 30. a5 Rac8 31. Rb4 Rc5 32. Bf2 Rxa5 33. Kf1 Ra2 34.
Bd4 a5 35. Rb7 Rd8 36. Be5 Rc2 37. Rbb1 Rxc4 38. Ke2 a4 39. Ra1 h5 40. Ke3 Nc3
41. Rxd2 Re4+ 42. Kf3 Rxd2 43. Bxc3 Rdd4 44. Bxd4 Rxd4 45. Ke3 Rb4 46. g3 Rb3+
47. Kd4 a3 48. Ra2 Kf7 49. Kc4 Re3 50. Kd4 Rb3 51. Kc4 Rf3 52. Kd4 Kf6 53. Ke4
Rb3 54. Ra1 Rb4+ 55. Kf3 Ra4 56. Ra2 g5 57. h4 gxf4 58. gxf4 Kf5 59. Kg3 Ra8
60. Kf3 Ra7 61. Kg3 Ra4 62. Kf3 Rxf4+ 63. Kg3 Rg4+ 64. Kh3 Ra4 65. Kg3 e5 66.
Kh3 Kf4 0-1

[Event "GBR-ch 99th"]
[Site "North Shields"]
[Date "2012.08.01"]
[Round "9"]
[White "Hawkins, Jonathan"]
[Black "Holland, James P"]
[Result "1/2-1/2"]
[WhiteElo "2499"]
[BlackElo "2200"]
[PlyCount "86"]
[EventDate "2012.07.23"]
[EventType "swiss"]
[EventRounds "11"]
[EventCountry "ENG"]
[Source "John Saunders"]
[SourceDate "2015.07.24"]

1. d4 d5 2. c4 e6 3. Nf3 c5 4. cxd5 exd5 5. g3 Nc6 6. Bg2 Nf6 7. O-O Be7 8.
dxc5 Bxc5 9. a3 Ne4 10. Nfd2 f5 11. Nc3 Be6 12. Nb3 Bb6 13. Na4 d4 14. Nd2 Bd5
15. Nxb6 axb6 16. Nf3 Be6 17. Bf4 O-O 18. Qc2 Rc8 19. Rad1 Qe7 20. Qd3 Rfd8 21.
Rfe1 Rd7 22. Rc1 Rcd8 23. h4 h6 24. b4 g5 25. Bd2 g4 26. b5 Nc5 27. Qb1 gxf3
28. bxc6 bxc6 29. exf3 Nb3 30. Rxc6 Nxd2 31. Qc1 Rd6 32. Rxd6 Qxd6 33. Qxd2 f4
34. Re4 d3 35. Rxf4 Qxa3 36. Re4 Bf5 37. Qxh6 Bxe4 38. Qg5+ Kf7 39. Qxd8 Qc1+
40. Kh2 d2 41. Qd7+ Kf8 42. Qd8+ Kf7 43. Qd7+ Kf8 1/2-1/2

[Event "GBR-ch 99th"]
[Site "North Shields"]
[Date "2012.08.01"]
[Round "9"]
[White "Houska, Jovanka"]
[Black "Storey, Charles"]
[Result "1-0"]
[WhiteElo "2406"]
[BlackElo "2247"]
[PlyCount "91"]
[EventDate "2012.07.23"]
[EventType "swiss"]
[EventRounds "11"]
[EventCountry "ENG"]
[Source "John Saunders"]
[SourceDate "2015.07.24"]

1. d4 Nf6 2. Nf3 g6 3. c4 Bg7 4. g3 c5 5. Bg2 O-O 6. Nc3 cxd4 7. Nxd4 Qc7 8.
Nd5 Nxd5 9. cxd5 Qb6 10. Nb3 d6 11. O-O Qa6 12. Nd4 Nd7 13. Bg5 Qb6 14. Nb3
Bxb2 15. Bxe7 Re8 16. Rb1 Bg7 17. Bg5 Qa6 18. Nd4 Nc5 19. Nb5 Bf5 20. Nc7 Qxa2
21. Nxe8 Rxe8 22. e4 Bxe4 23. Re1 Re5 24. Ra1 Qxd5 25. Bxe4 Nxe4 26. Bf4 Qc5
27. Bxe5 Qxe5 28. Rxa7 Bf6 29. Rxb7 Qf5 30. Qe2 Ng5 31. Rd1 Bd4 32. Rb5 Bxf2+
33. Kh1 Bc5 34. Rxd6 Ne4 35. Rd8+ Kg7 36. Kg2 Ng5 37. Rd1 Ne6 38. Qb2+ f6 39.
Rb7+ Kh6 40. Qe2 Ng5 41. Rdd7 Qh3+ 42. Kh1 f5 43. Qg2 Qh5 44. h4 f4 45. gxf4
Qxh4+ 46. Qh2 1-0

[Event "GBR-ch 99th"]
[Site "North Shields"]
[Date "2012.08.01"]
[Round "9"]
[White "Howell, David"]
[Black "Arkell, Keith C"]
[Result "1/2-1/2"]
[WhiteElo "2620"]
[BlackElo "2441"]
[PlyCount "126"]
[EventDate "2012.07.23"]
[EventType "swiss"]
[EventRounds "11"]
[EventCountry "ENG"]
[Source "John Saunders"]
[SourceDate "2015.07.24"]

1. d4 d5 2. c4 c6 3. Nc3 Nf6 4. Nf3 g6 5. Bf4 Bg7 6. e3 O-O 7. h3 Qb6 8. Qb3
Na6 9. Be2 dxc4 10. Bxc4 Qxb3 11. axb3 Nb4 12. O-O b5 13. Be2 Be6 14. Nd2 Nfd5
15. Nxd5 Nxd5 16. Bg3 f5 17. Bf3 f4 18. Bxf4 Nxf4 19. exf4 Bxd4 20. Bxc6 Rac8
21. Bxb5 Rxf4 22. Ra4 Rd8 23. Nf3 Bxb3 24. Ra3 Bf7 25. Nxd4 Rfxd4 26. Rxa7 Rb4
27. Bc6 Rxb2 28. Rxe7 Rdb8 29. Be4 Re8 30. Rxe8+ Bxe8 31. Ra1 Rd2 32. h4 Kg7
33. Ra6 Rd1+ 34. Kh2 Rd4 35. f3 Rd2 36. Kg3 Bb5 37. Ra5 Be8 38. Kf4 Rxg2 39.
Ra7+ Kf6 40. Rxh7 Bf7 41. Rh8 Rh2 42. Kg3 Rh1 43. Rb8 Rg1+ 44. Kf4 Rh1 45. Rb6+
Kg7 46. Kg3 Rg1+ 47. Kh2 Rd1 48. Rb4 Bd5 49. Kg3 Bxe4 50. fxe4 Kf6 51. Rb6+ Ke5
52. Kf3 Rf1+ 53. Kg4 Rg1+ 54. Kf3 Rf1+ 55. Kg2 Rf4 56. Kg3 Rxe4 57. Rxg6 Kf5
58. h5 Re3+ 59. Kh4 Re4+ 60. Kh3 Re3+ 61. Rg3 Rxg3+ 62. Kxg3 Kg5 63. h6 Kxh6
1/2-1/2

[Event "GBR-ch 99th"]
[Site "North Shields"]
[Date "2012.08.01"]
[Round "9"]
[White "Jackson, James P"]
[Black "Kolbus, Dietmar"]
[Result "1/2-1/2"]
[WhiteElo "2126"]
[BlackElo "2321"]
[PlyCount "62"]
[EventDate "2012.07.23"]
[EventType "swiss"]
[EventRounds "11"]
[EventCountry "ENG"]
[Source "John Saunders"]
[SourceDate "2015.07.24"]

1. e4 e6 2. d4 d5 3. Nc3 dxe4 4. Nxe4 Bd7 5. Nf3 Bc6 6. Bd3 Nd7 7. O-O Ngf6 8.
Ng3 Bxf3 9. Qxf3 c6 10. b3 Qa5 11. Be3 g6 12. c4 Bg7 13. Rfd1 O-O 14. Bd2 Qb6
15. Bc3 Rfc8 16. Bc2 Qd8 17. a4 a5 18. Bd3 Ra7 19. h3 b6 20. Ne2 Qe7 21. Qe3
Re8 22. Bb2 Qd8 23. Qf3 Qc8 24. Re1 Qa8 25. Rad1 Rc7 26. Nc3 Rcc8 27. Ne4 Nxe4
28. Bxe4 Nf6 29. Bd3 Nd7 30. Be4 Nf6 31. Bd3 Nd7 1/2-1/2

[Event "GBR-ch 99th"]
[Site "North Shields"]
[Date "2012.08.01"]
[Round "9"]
[White "Jaunooby, Ali Reza"]
[Black "Wadsworth, Matthew J"]
[Result "1/2-1/2"]
[WhiteElo "2165"]
[BlackElo "2037"]
[PlyCount "185"]
[EventDate "2012.07.23"]
[EventType "swiss"]
[EventRounds "11"]
[EventCountry "ENG"]
[Source "John Saunders"]
[SourceDate "2015.07.24"]

1. d4 d5 2. Nf3 Nf6 3. Bg5 e6 4. Nbd2 Be7 5. e3 O-O 6. Bd3 h6 7. Bf4 b6 8. g4
Bb7 9. g5 hxg5 10. Nxg5 Nbd7 11. Qf3 Re8 12. Be5 Nf8 13. Rg1 c5 14. Bb5 N8d7
15. c3 cxd4 16. exd4 Rf8 17. Qh3 Re8 18. O-O-O Rc8 19. Nxe6 fxe6 20. Qxe6+ Kf8
21. Bxd7 Qxd7 22. Qxd7 Nxd7 23. Bxg7+ Kf7 24. Rg3 Rg8 25. Bh6 Ba6 26. Re1 Rxg3
27. hxg3 Bd3 28. Nf3 Be4 29. Bg5 Bd6 30. Re3 Kg6 31. Bh4 Nf6 32. Nd2 Bf5 33. f3
Re8 34. Nf1 Rh8 35. Kd2 Bh3 36. Re1 Nh5 37. Ne3 Be6 38. Nc4 Bf4+ 39. gxf4 Nxf4
40. Rg1+ Kh5 41. Bf6 Rf8 42. Bg7 Rg8 43. Ne5 Nh3 44. Rg3 Ng5 45. Ke3 Rxg7 46.
f4 Kh6 47. fxg5+ Rxg5 48. Rxg5 Kxg5 49. Nc6 a6 50. Nb4 a5 51. Nc6 Kf6 52. b4
Bd7 53. Ne5 Bb5 54. Kd2 Ke6 55. bxa5 bxa5 56. Nd3 Kd6 57. Nc5 Kc6 58. Ke3 Bc4
59. a3 Kb5 60. a4+ Kc6 61. Kf4 Be2 62. Ke5 Bd1 63. Ke6 Bc2 64. Ke7 Bd1 65. Kd8
Bc2 66. Kc8 Bd1 67. Kb8 Kb6 68. Kc8 Kc6 69. Kd8 Bc2 70. Ke7 Bd1 71. Ke6 Bc2 72.
Nd7 Bxa4 73. Ne5+ Kb6 74. Kxd5 Bb3+ 75. c4 a4 76. Nd3 a3 77. Nc1 Bc2 78. c5+
Kb5 79. c6 Kb4 80. Ke5 Ba4 81. c7 Bd7 82. Kd6 Bh3 83. d5 Kc3 84. Ke7 Kb2 85. d6
Kxc1 86. d7 Bxd7 87. Kxd7 a2 88. c8=Q+ Kb1 89. Qb7+ Ka1 90. Qh1+ Kb2 91. Qh8+
Kb1 92. Qb8+ Ka1 93. Kc6 1/2-1/2

[Event "GBR-ch 99th"]
[Site "North Shields"]
[Date "2012.08.01"]
[Round "9"]
[White "Ledger, David"]
[Black "Rudd, Jack"]
[Result "1-0"]
[WhiteElo "2246"]
[BlackElo "2295"]
[PlyCount "61"]
[EventDate "2012.07.23"]
[EventType "swiss"]
[EventRounds "11"]
[EventCountry "ENG"]
[Source "John Saunders"]
[SourceDate "2015.07.24"]

1. e4 d6 2. d4 g6 3. Nc3 Bg7 4. f4 Nf6 5. Nf3 O-O 6. Bd3 c5 7. d5 e6 8. O-O
exd5 9. exd5 Na6 10. a3 Nc7 11. f5 Ng4 12. h3 Ne5 13. Nxe5 dxe5 14. Be3 b6 15.
Be4 Ne8 16. g4 Nd6 17. Qf3 gxf5 18. gxf5 f6 19. Rad1 Rf7 20. Kh1 Qd7 21. Rf2
Bb7 22. Rg2 Rd8 23. Kh2 Kf8 24. Qh5 Nxe4 25. Nxe4 Bxd5 26. c4 Bxe4 27. Rxd7
Rfxd7 28. Rg1 Bd3 29. Bh6 Bc2 30. Qh4 Kg8 31. Rg2 1-0

[Event "GBR-ch 99th"]
[Site "North Shields"]
[Date "2012.08.01"]
[Round "9"]
[White "Maroroa, Sue Yuchan"]
[Black "Shaw, Robert"]
[Result "1/2-1/2"]
[WhiteElo "2035"]
[BlackElo "2220"]
[PlyCount "63"]
[EventDate "2012.07.23"]
[EventType "swiss"]
[EventRounds "11"]
[EventCountry "ENG"]
[Source "John Saunders"]
[SourceDate "2015.07.24"]

1. e4 e5 2. Nf3 Nc6 3. Bc4 Nf6 4. d3 Be7 5. O-O O-O 6. Re1 d6 7. a4 Na5 8. Ba2
c5 9. Nc3 Nc6 10. Nd5 Nxd5 11. Bxd5 Bf6 12. c3 Re8 13. Qb3 Qe7 14. h3 Be6 15.
Nh2 Na5 16. Qd1 c4 17. dxc4 Nxc4 18. Ng4 Bxd5 19. Qxd5 Nb6 20. Qd3 Red8 21. Be3
Nd7 22. Rad1 h5 23. Nxf6+ Nxf6 24. Bg5 Qe6 25. Qf3 Rd7 26. Bxf6 Qxf6 27. Qxh5
Rc8 28. Rd5 Rc4 29. Qe2 Rc6 30. Red1 g6 31. R1d3 Kg7 32. Rf3 1/2-1/2

[Event "GBR-ch 99th"]
[Site "North Shields"]
[Date "2012.08.01"]
[Round "9"]
[White "Murphy, Hugh"]
[Black "Whitfield, Craig M"]
[Result "1-0"]
[WhiteElo "2180"]
[BlackElo "2020"]
[PlyCount "59"]
[EventDate "2012.07.23"]
[EventType "swiss"]
[EventRounds "11"]
[EventCountry "ENG"]
[Source "John Saunders"]
[SourceDate "2015.07.24"]

1. e4 c5 2. b3 Nc6 3. Bb2 d6 4. Bb5 Bd7 5. f4 a6 6. Bxc6 Bxc6 7. Qe2 e6 8. Nf3
Nf6 9. d3 Be7 10. Nbd2 Qc7 11. O-O O-O-O 12. a3 Rhg8 13. b4 Nd7 14. c4 Bf6 15.
Rab1 b6 16. d4 cxd4 17. b5 axb5 18. cxb5 Bb7 19. Bxd4 Bxd4+ 20. Nxd4 Nc5 21.
Rfc1 g5 22. f5 exf5 23. Nc6 Rde8 24. a4 Rg6 25. a5 bxa5 26. Qf2 Bxc6 27. bxc6
fxe4 28. Nc4 Kd8 29. Nxd6 Rxd6 30. Qxc5 1-0

[Event "GBR-ch 99th"]
[Site "North Shields"]
[Date "2012.08.01"]
[Round "9"]
[White "Palliser, Richard"]
[Black "Harvey, Marcus Ross"]
[Result "1/2-1/2"]
[WhiteElo "2482"]
[BlackElo "2134"]
[PlyCount "37"]
[EventDate "2012.07.23"]
[EventType "swiss"]
[EventRounds "11"]
[EventCountry "ENG"]
[Source "John Saunders"]
[SourceDate "2015.07.24"]

1. d4 e6 2. c4 d5 3. Nc3 Bb4 4. cxd5 Qxd5 5. Nf3 Nf6 6. Bd2 Bxc3 7. Bxc3 O-O 8.
g3 Ne4 9. Bg2 Nxc3 10. bxc3 Qa5 11. O-O Qxc3 12. Rc1 Qa5 13. Rc5 Qxa2 14. Rxc7
Nc6 15. Ne5 Qa5 16. Rxc6 bxc6 17. Nxc6 Qc7 18. Ne7+ Qxe7 19. Bxa8 1/2-1/2

[Event "GBR-ch 99th"]
[Site "North Shields"]
[Date "2012.08.01"]
[Round "9"]
[White "Poobalasingam, Peter"]
[Black "Weller, Jean Luc"]
[Result "0-1"]
[WhiteElo "2263"]
[BlackElo "2115"]
[PlyCount "92"]
[EventDate "2012.07.23"]
[EventType "swiss"]
[EventRounds "11"]
[EventCountry "ENG"]
[Source "John Saunders"]
[SourceDate "2015.07.24"]

1. d4 Nf6 2. Nf3 c5 3. d5 e6 4. Nc3 exd5 5. Nxd5 Nxd5 6. Qxd5 d6 7. Ng5 Qe7 8.
e4 Be6 9. Bb5+ Kd8 10. Nxe6+ fxe6 11. Qh5 g6 12. Qg4 Bg7 13. Bg5 Bf6 14. Bxf6
Qxf6 15. O-O-O Kc7 16. f4 Qe7 17. Rd2 Nc6 18. Rhd1 Rad8 19. Bxc6 bxc6 20. Qg3
Rd7 21. Qa3 Kb8 22. Rd3 d5 23. Qa6 c4 24. Re3 Qc5 25. Qa3 Qxa3 26. Rxa3 Rf8 27.
exd5 cxd5 28. Rf3 Kc7 29. b3 cxb3 30. axb3 Kd6 31. Kb2 Rdf7 32. Ra1 Rxf4 33.
Ra6+ Ke5 34. Rh3 R8f7 35. c3 Rf2+ 36. Ka3 Rxg2 37. Re3+ Kf4 38. Raxe6 Rxh2 39.
Rd3 Rd7 40. c4 d4 41. Kb4 Rh5 42. c5 Re5 43. Rxe5 Kxe5 44. c6 Rd6 45. Kb5 Rd5+
46. Ka6 Kd6 0-1

[Event "GBR-ch 99th"]
[Site "North Shields"]
[Date "2012.08.01"]
[Round "9"]
[White "Roe, Simon J"]
[Black "Osborne, Marcus E"]
[Result "0-1"]
[WhiteElo "2275"]
[BlackElo "2245"]
[PlyCount "64"]
[EventDate "2012.07.23"]
[EventType "swiss"]
[EventRounds "11"]
[EventCountry "ENG"]
[Source "John Saunders"]
[SourceDate "2015.07.24"]

1. Nf3 Nf6 2. c4 b6 3. g3 Bb7 4. Bg2 g6 5. O-O Bg7 6. Nc3 O-O 7. d4 Ne4 8. Nxe4
Bxe4 9. d5 c6 10. Bh3 Bxf3 11. exf3 cxd5 12. cxd5 e6 13. Rb1 Na6 14. Bf4 Rc8
15. Bd6 Re8 16. f4 Nc7 17. dxe6 dxe6 18. Bg2 Nb5 19. Be5 Bxe5 20. fxe5 Qc7 21.
Rc1 Qxe5 22. Re1 Qg5 23. f4 Rxc1 24. Qxc1 Qe7 25. Qc4 Nd6 26. Qa6 Nf5 27. Be4
Qc5+ 28. Kg2 Rd8 29. Re2 Rd1 30. Rf2 Ne3+ 31. Kf3 Re1 32. Qxa7 Qh5+ 0-1

[Event "GBR-ch 99th"]
[Site "North Shields"]
[Date "2012.08.01"]
[Round "9"]
[White "Surtees, Michael"]
[Black "Jain, Radha"]
[Result "1/2-1/2"]
[WhiteElo "2113"]
[BlackElo "1868"]
[PlyCount "76"]
[EventDate "2012.07.23"]
[EventType "swiss"]
[EventRounds "11"]
[EventCountry "ENG"]
[Source "John Saunders"]
[SourceDate "2015.07.24"]

1. e4 c5 2. c3 d5 3. f3 e6 4. d3 Nc6 5. g3 Nf6 6. Bg2 e5 7. Na3 Be6 8. Nh3 h6
9. Nf2 Be7 10. O-O Qb6 11. b3 O-O 12. Qe2 Rfd8 13. Kh1 Qa6 14. Nc2 c4 15. dxc4
dxc4 16. b4 Nd7 17. a4 b5 18. a5 Qc8 19. f4 f5 20. g4 fxg4 21. f5 Bf7 22. Nxg4
Nf6 23. Nf2 Kh8 24. Rg1 Bh5 25. Bf3 Bxf3+ 26. Qxf3 Qc7 27. Qh3 Bf8 28. Bg5 Rd6
29. Ne3 Nh7 30. Bh4 Qf7 31. Qf3 Be7 32. Qg4 Bxh4 33. Qxh4 Qe7 34. Qh5 Nf6 35.
Qf3 Qf7 36. Rad1 Rad8 37. Rxd6 Rxd6 38. Rd1 Qd7 1/2-1/2